| 000 -ლიდერი |
| ფიქსირებული სიგრძის საკონტროლო ველი |
01295nam a2200217Ia 4500 |
| 001 - საკონტროლო ნომერი |
| საკონტროლო ველი |
16516 |
| 003 - საკონტროლო ნომრის იდენტიფიკატორი |
| საკონტროლო ველი |
GE_BSU |
| 005 - ბოლო ოპერაციის თარიღი და დრო |
| საკონტროლო ველი |
20250123103942.0 |
| 008 - ფიქსირებული სიგრძის მონაცემთა ელემენტები - ზოგადი ინფორმაცია |
| ფიქსირებული სიგრძის საკონტროლო ველი |
181216s1969||||ge |||||||||||||| ||geo|| |
| 040 ## - კატალოგიზაციის წყარო |
| Transcribing agency |
GE_BSU |
| 041 ## - ენის კოდი |
| Language code of text/sound track or separate title |
geo |
| 080 ## - უნივერსალური ათობითი კლასიფიკაციის ინდექსი |
| Universal Decimal Classification number |
821.353.1 + 821.353.1-32 + 821.353.1-31 ჯ-14 |
| 100 ## - მთავარი ჩანაწერი - პიროვნების სახელი |
| Personal name |
ჯავახიშვილი, მ. (მიხეილ, 1880-1937) |
| 9 (RLIN) |
18780 |
| 245 ## - ცნობა სათაურის შესახებ |
| Title |
თხზულებანი : 8 ტომად. ტ. 1 : |
| Remainder of title |
მოთხრობები ; ჯაყოს ხიზნები / |
| Statement of responsibility, etc |
სარედ. კოლ. : გ. გვერდწითელი, გ. მერკვილაძე, ბ. ჟღენტი და სხვ. გამოსაც. მოამზადა და შენიშვნები დაურთო ა. მირიანაშვილმა ; რედ. და ნარკვევის "მიხეილ ჯავახიშვილი" ავტ. : გ. გვერდწითელი. |
| 264 ## - წარმოების, გამოცემის, დისტრიბუციის და სხვა ცნობები |
| გამოცემის, წარმოების, დისტრიბუციის... ადგილი |
თბილისი : |
| გამოცემის, წარმოების, დისტრიბუციის... სახელწოდება |
საბჭ. საქართველო, |
| გამოცემის, წარმოების, დისტრიბუციის... თარიღი |
1969. |
| 300 ## - ფიზიკური აღწერა |
| Extent |
410 გვ. : |
| Other physical details |
1 ფ. პორტრ. ; |
| Dimensions |
22 სმ. |
| 653 ## - INDEX TERM--UNCONTROLLED |
| Uncontrolled term |
თხზულებანი |
| 653 ## - INDEX TERM--UNCONTROLLED |
| Uncontrolled term |
ჯაყოს ხიზნები |
| 942 ## - ADDED ENTRY ELEMENTS (KOHA) |
| Koha item type |
წიგნი |
| Source of classification or shelving scheme |
|